000 00884nam a22002537a 4500
005 20250514103346.0
008 250514b |||||||| |||| 00| 0 eng d
017 _aLD.5068
018 _a2025
020 _a9789787901175
040 _aNLN
_bEnglish
_eAACR2
050 _aDT515.83.B299
_bO35
082 _a923.4669
100 _aOGUEJIOFOR, Patrick
_eaut.
_953750
245 _aThe woman I know :
_ba biography of Bilikisu Abdulmalik Bashir /
_cPatrick Oguejiofor, I. O. Igwenyi and Musa Azare
260 _aGarki, Abuja (23 Karaye Street Off Ladoke Akintola Boulevard) :
_bMazariyya Books,
_c2024
300 _axxxix, 304p. :
_bports(Some col.) ; 23cm
563 _a(pbk)
650 _aBashir, Bilikisu Abdulmalik,
_964957
650 _aAdministrator
_vNigeria
_xBiography
_921851
700 _aIGWENYI, I. O.
_ectb
_964958
700 _aAZARE, Musa
_ectb
_964959
942 _cBK
_n0
999 _c32162
_d32162